Welcome to WEB OPAC of MRSPTU Central Library

Foundation of microwave engineering (Record no. 3873)

MARC details
000 -LEADER
fixed length control field 00391nam a2200145Ia 4500
008 - FIXED-LENGTH DATA ELEMENTS--GENERAL INFORMATION
fixed length control field 230711s9999||||xx |||||||||||||| ||und||
041 ## - LANGUAGE CODE
Language code of text/sound track or separate title ENG
082 ## - DEWEY DECIMAL CLASSIFICATION NUMBER
Classification number 621.381
Item number CO-M
100 ## - MAIN ENTRY--PERSONAL NAME
Personal name Collin,Robert E
245 #0 - TITLE STATEMENT
Title Foundation of microwave engineering
250 ## - EDITION STATEMENT
Edition statement 2nd Ed.
260 ## - PUBLICATION, DISTRIBUTION, ETC.
Date of publication, distribution, etc. 1992
Place of publication, distribution, etc. New Delhi
Name of publisher, distributor, etc. Tata McGraw Hill Education Limited
650 ## - SUBJECT ADDED ENTRY--TOPICAL TERM
Topical term or geographic name entry element Electronics Engineering
942 ## - ADDED ENTRY ELEMENTS (KOHA)
Koha item type Book
Holdings
Withdrawn status Lost status Damaged status Not for loan Collection Home library Current library Date acquired Total checkouts Full call number Barcode Date last seen Price effective from Koha item type
          MRSPTU Central Library MRSPTU Central Library     621.381 CO-M 13147 08/17/2023 08/17/2023 Book
          MRSPTU Central Library MRSPTU Central Library     621.381 CO-M 13148 08/17/2023 08/17/2023 Book
          MRSPTU Central Library MRSPTU Central Library     621.381 CO-M 13149 08/17/2023 08/17/2023 Book
          MRSPTU Central Library MRSPTU Central Library     621.381 CO-M 13150 08/17/2023 08/17/2023 Book
          MRSPTU Central Library MRSPTU Central Library     621.381 CO-M 13151 08/17/2023 08/17/2023 Book

Website Designed and Developed by MRSPTU Central Library Team

E-mail Id: librarian@mrsptu.ac.in